Plus Grandes Villes du Maghreb - Statistiques

Statistiques générales
  • Ce quiz a été pris 1 275 fois
    1 027 depuis la dernière actualisation
  • Le résultat moyen est 9 sur 14
Statistiques - réponses
Pays Population Ville % Correct
Algérie 7,8 M Alger
99%
Tunisie 2,6 M Tunis
96%
Maroc 2,1 M Rabat
94%
Maroc 4,3 M Casablanca
90%
Maroc 1,3 M Marrakech
84%
Algérie 1,3 M Oran
84%
Maroc 1,1 M Tanger
69%
Maroc 1,2 M Fès
67%
Maroc 1,1 M Agadir
54%
Algérie 1,1 M Constantine
54%
Tunisie 615 K Sfax
35%
Algérie 824 K Annaba
32%
Mauritanie 1 M Nouakchott
30%
Libye 634 K Benghazi
12%
Aucun quiz correspondant
Distribution des résultats
% des personnes avec chaque résultat
Percentile par nombre de réponses
Votre historique - résultats
Vous n’avez pas pris ce quiz depuis la dernière actualisation